000 00410nam a2200145Ia 4500
008 181023s9999 xx 000 0 und d
020 _a9781119397564
100 _aKouzes, James M.
245 _cJames M. Kouzes, Barry Z. Posner.--
_aThe Leadership challenge workbook /
250 _a3rd ed
260 _aCalifornia :
_bWiley
_c2017
300 _a150 pages.
650 _aLeadership.
650 _aManagement.
999 _c359328
_d359328